00000000nam 2200000za 4500
0019.633749
003CaOODSP
00520210624215456
007cr |||||||||||
008150407s2004    xxc|||||o    f|0| 0 fre d
040 |aCaOODSP|bfre
043 |an-cn---
0861 |aH46-2/04-343F-PDF
1101 |aCanada. |bSanté Canada.|bDirection générale de la santé environnementale et de la sécurité des consommateurs.
24510|aGuide canadien d'évaluation des incidences sur la santé. Volume 1, Notions fondamentales |h[ressource électronique] / |crapport du Comité fédéral-provincial-territorial de l'hygiène du milieu et du travail.
260 |bSanté Canada, |c2004.
300 |a160 p. : |bfigures, glossaire, graphiques, tableaux.
500 |aLe n° de catalogue (H46-2/04-343F) et ISBN (0-662-76281-9) pour l'édition imprimée française ont été incorrectement copiés dans cette édition PDF.
590 |a07-02-Supp|b2007-04-05
69107|aImpact sur la santé|2gcpds
69107|aManuel|2gcpds
77508|tCanadian handbook on health impact assessment. Volume 1, The basics |w(CaOODSP)9.689336
795 |tGuide canadien d'évaluation des incidences sur la santé. Volume 1, Notions fondamentales |w(CaOODSP)9.639537
85640|ahttp://publications.gc.ca|qPDF|s735 Ko|uhttps://publications.gc.ca/collections/Collection/H46-2-04-343F.pdf